000
00313nam a22001337a 4500
008
181205b xxu||||| |||| 00| 0 eng d
020
_a
9780321132260
041
_a
eng
080
_2
3rd
_a
510
100
_a
36
101
_a
MAT
245
_a
Integrated Arithmetic & Basic Algebra
_c
Jordan,B.E
942
_2
udc
_c
BK
999
_c
52888
_d
52888